Liverpool FC - Players to have scored - 2003/04 - 2014/15 - Statistics

General Stats
  • This quiz has been taken 2,496 times
    2,468 since last reset
  • The average score is 47 of 86
Answer Stats
Position Nationality Answer % Correct
MD England Steven Gerrard
95%
FW Uruguay Luis Suarez
92%
DF England Jamie Carragher
88%
FW Spain Fernando Torres
86%
DF Finland Sami Hyypiä
86%
MD Spain Xabi Alonso
85%
DF Denmark Daniel Agger
80%
DF Croatia Dejan Lovren
80%
DF Norway John Arne Riise
80%
DF Slovakia Martin Skrtel
80%
FW England Daniel Sturridge
79%
MD Netherlands Dirk Kuyt
79%
MD England Jordan Henderson
76%
FW England Michael Owen
76%
MD Brazil Philippe Coutinho
76%
FW Czech Republic Milan Baros
75%
MD Israël Yossi Benayoun
74%
MD Australia Harry Kewell
72%
FW England Raheem Sterling
72%
DF Ireland Steve Finnan
71%
MD Czech Republic Vladimir Smicer
71%
FW France Djibril Cissé
68%
MD Germany Emre Can
68%
MD Argentina Javier Mascherano
68%
MD Brazil Lucas Leiva
68%
FW Ireland Robbie Keane
68%
FW Italy Mario Balotelli
67%
FW England Robbie Fowler
67%
DF England Glen Johnson
66%
MD Spain Luis Garcia
65%
MD Germany Dietmar Hamann
63%
MD Wales Joe Allen
63%
FW England Peter Crouch
62%
FW Netherlands Ryan Babel
62%
DF Uruguay Sebastian Coates
62%
DF Spain Alberto Moreno
61%
FW England Andy Carroll
61%
DF Mali Djimi Traoré
60%
FW Wales Craig Bellamy
59%
MD England Adam Lallana
57%
MD Scotland Charlie Adam
56%
DF Brazil Fabio Aurelio
56%
FW Italy Fabio Borini
56%
DF France Mamadou Sakho
55%
MD Argentina Maxi Rodriguez
55%
MD Mali Mohamed Sissoko
55%
FW England Rickie Lambert
55%
MD Italy Alberto Aquilani
54%
FW Ukraine Andrey Voronin
54%
FW Serbia Lazar Markovic
51%
DF Spain Alvaro Arbeloa
49%
FW England Emile Heskey
49%
DF England Jon Flanagan
49%
MD Portugal Raul Meireles
49%
FW Spain Fernando Morientes
48%
DF Italy Andrea Dossena
47%
FW France David N'Gog
47%
MD England Stewart Downing
46%
MD Turkey Nuri Sahin
45%
DF Spain José Enrique
44%
FW Spain Iago Aspas
42%
FW Nigeria Victor Moses
41%
MD Spain Albert Riera
40%
DF Croatia Igor Biscan
40%
DF Argentina Emiliano Insua
39%
FW France Florent Sinama-Pongolle
39%
DF Greece Sotiris Kyrgiakos
39%
MD England Danny Murphy
37%
MD England Joe Cole
37%
MD England Jonjo Shelvey
35%
MD Chile Mark Gonzalez
35%
FW Serbia Milan Jovanovic
33%
MD England Jermaine Pennant
32%
FW England Neil Mellor
31%
DF England Martin Kelly
30%
MD Morocco Nabil El Zhar
29%
MD Netherlands Boudewijn Zenden
28%
MD Spain Suso
28%
FW France Anthony Le Tallec
25%
FW Spain Antonio Nunez
24%
MD France Bruno Cheyrou
23%
DF England Stephen Warnock
18%
DF England Andre Wisdom
17%
MD England Jordan Rossiter
17%
DF Italy Gabriel Paletta
11%
MD France Damien Plessis
10%
No matching quizzes found
Score Distribution
Percent of People with Each Score
Percentile by Number Answered
Your Score History
You have not taken this quiz since the last reset